ECONOMY AND SOCIETY (Record no. 20932)

MARC details
000 -LEADER
fixed length control field 00342nam a2200145Ia 4500
008 - FIXED-LENGTH DATA ELEMENTS--GENERAL INFORMATION
fixed length control field 240624s9999 xx 000 0 und d
041 ## - LANGUAGE CODE
Language code of text/sound track or separate title eng
082 ## - DEWEY DECIMAL CLASSIFICATION NUMBER
Classification number 658.4 WEB
100 ## - MAIN ENTRY--PERSONAL NAME
Personal name WEBER MAX
245 ## - TITLE STATEMENT
Title ECONOMY AND SOCIETY
260 ## - PUBLICATION, DISTRIBUTION, ETC.
Date of publication, distribution, etc. 1978
Place of publication, distribution, etc. London
Name of publisher, distributor, etc. University of California Press
300 ## - PHYSICAL DESCRIPTION
Extent 1470 : p.
365 ## - TRADE PRICE
Currency code
Price amount 26
440 ## - SERIES STATEMENT/ADDED ENTRY--TITLE
Volume/sequential designation 2
Holdings
Withdrawn status Lost status Damaged status Not for loan Home library Current library Shelving location Date acquired Source of acquisition Cost, normal purchase price Full call number Barcode Date last seen Copy number Price effective from Koha item type
        IMTN IMTN Rack 28-A 01/31/2013 IBH 65.00 658.4 WEB 20932 06/24/2024 57.6 06/24/2024 Books
Designed & Maintained by: LRC IMT Nagpur Contact: lrc@imtnag.ac.in© 2024. All Rights Reserved.